1965 1274 1226 1115 1565 1387 1477 1675 1480 1168 1674 1503 1027 1947 1971 1738 1004 1213 1742 1125 1460 1859 1222 1085 1155 1042 1799 1615 1039 1212 1068 1946 1961 1303 1488 1009 1942 1885 1401 1866 1223 1385 1454 1849 1562 1504 1010 1703 1608 1673 1435 1043 1550 1539 1898 1506 1314 1144 1892 1261 1054 1084 1214 1034 1794 1918 1390 1605 1889 1891 1549 1908 1288 1631 1045 1633 1658 1163 1505 1695 1906 1528 1573 1236 1276 1247 1523 1689 1207 1991 1212 1352 1341 1744 1713 1145 1050 1916 1806 BCNSPRNW ULIB Ver.6.0+V

เปลี่ยนเป็นภาษาไทย

Change to English
 แสดงรายละเอียดบรรณานุกรม
  กลับหน้าหลัก

Brief Record : Get Marc (ISO 2709) : E-mail record : QR code < ปิดหน้าต่าง
LEADER : 00000nam 2200000uu 4500
001    13399123307
003     ULIB
008    140820s2557||||th 000 0 tha d
099    วจ.WY16^bน743ส
100 0  นุศรา วิจิตรแก้ว, เบญจมาภรณ์ นาคามดี และสาวิตรี ลิ้มกมลทิพย์
245 00 สมรรถนะของพยาบาลเวชปฏิบัติในการปฏิบัติงานตามการรายงานตนเอง การประเมินโดยผู้บังคับบัญชา และการรับรู้ของผู้รับบริการ/^cนุศรา วิจิตรแก้ว, เบญจมาภรณ์ นาคามดี และสาวิตรี ลิ้มกมลทิพย์
260    พิษณุโลก:^bวิทยาลัยพยาบาลบรมราชชนนี พุทธชินราช,^c2557
300    60 หน้า
650  0 พยาบาลเวชปฏิบัติ^xวิจัย
700 0  เบญจมาภรณ์ นาคามดี ^eผู้ร่วมวิจัย
700 0  สาวิตรี ลิ้มกมลทิพย์^eผู้ร่วมวิจัย
945    ^p0^l0^i034610
999    ^aเกษร โพธิ์สุวรรณ
รายการนี้ยังไม่มีแท็ก
คุณยังไม่ได้ล็อกอิน คุณสามารถมีกิจกรรมร่วมกับเว็บไซต์ได้ แต่ต้องล็อกอินก่อน ::
  ล็อกอิน

รายการสื่อสารสนเทศ

ลำดับที่ ประเภท เลขเรียก/บาร์โค้ด สถานที่ สถานะ
1. งานวิจัย
งานวิจัย
วจ.WY16 น743ส ฉ.1 
  Barcode: 034610
ห้องสมุดวิทยาเขตสวรรค์ประชารักษ์
►วิจัย
บนชั้น

BibComment


ยังไม่เคยถูกคอมเมนท์

คอมเมนท์ทรัพยากรรายการนี้
  คอมเมนท์: สมรรถนะของพยาบาลเ..


 Copyright 2026. Bcnsprnw @Library